LEADER 00902nam a2200253 i 4500 001 991001470159707536 008 111110s2009 enk 000 0 eng d 020 $a9780415771047 035 $ab14019589-39ule_inst 040 $aDip,to Studi Giuridici$bita 082 00$a338.9$222 100 1 $aCypher, James M.$0253243 245 14$aThe process of economic development /$cJames M. Cypher and James L. Dietz 250 $a3rd ed 260 $aLondon ;$aNew York :$bRoutledge,$c2009 300 $axx, 613 p. ;$c25 cm 650 04$aSviluppo economico 700 1 $aDietz, James L. 907 $a.b14019589$b28-01-14$c10-11-11 912 $a991001470159707536 945 $aLE027 R- ARCHI CYP$g1$i2027000312900$lle027$o-$pE40.72$q-$rl$s- $t0$u0$v0$w0$x0$y.i15366522$z17-01-12 996 $aProcess of economic development$9243052 997 $aUNISALENTO 998 $ale027$b10-11-11$cm$da $e-$feng$genk$h4$i0